| 000 | 00655nam a2200241Ia 4500 | ||
|---|---|---|---|
| 003 | GCL | ||
| 008 | 140319s9999 xx 000 0 eng d | ||
| 020 | _a1857150554 | ||
| 040 |
_aGCL / _cGCL |
||
| 082 | 0 | 4 |
_a180.937 _bA M |
| 100 | 1 | _aAURELIUS, MARCUS | |
| 245 | 1 | 0 |
_aMEDITATIONS / _cAURELIUS, MARCUS |
| 700 | 1 | _aFARQUHARSON, A.S.L | |
| 700 | 1 | _aREES, D.A | |
| 260 |
_aانجلترا : _bEVERYMAN'S LIBRARY ، _c1992 |
||
| 300 |
_a21 CM ؛ _cXXI, 250 P |
||
| 490 |
_aTHE MILLENNIUM LIBRARY _v212 |
||
| 650 | 0 | 4 | _aANCIENT PHILOSOPHY |
| 650 | 0 | 4 | _aPHILOSOPHY |
| 650 | 0 | 4 | _aPHILOSOPHY - ANCIENT |
| 650 | 0 | 4 | _aPHILOSOPHY, ROMANIAN |
| 942 |
_2ddc _cBK |
||
| 999 |
_c5838 _d5838 |
||